[Event "24th ch-EUR Indiv 2024"]
[Site "Petrovac MNE"]
[Date "2024.11.11"]
[Round "4.131"]
[White "Hollan, Martin"]
[Black "Allahverdiyeva, Ayan"]
[Result "0-1"]
[WhiteTitle "FM"]
[BlackTitle "WIM"]
[WhiteElo "2347"]
[BlackElo "2174"]
[WhiteFideId "360937"]
[BlackFideId "13412590"]
[EventDate "2024.11.08"]

1. c4 c5 2. Nc3 Nc6 3. Nf3 Nf6 4. d4 cxd4 5. Nxd4 e6 6. g3 Bc5 7. Nb3 Be7 8. Bg2
O-O 9. O-O d6 10. Nd4 d5 11. cxd5 exd5 12. h3 Re8 13. Bf4 h6 14. Rc1 Bf8 15.
Ncb5 Nh5 16. Bc7 Qd7 17. g4 a6 18. gxh5 axb5 19. Nxb5 Rxa2 20. Qb3 Ra6 21. Bxd5
Rxe2 22. Rfe1 Rxe1+ 23. Rxe1 Nb4 24. Bc4 Rf6 25. Bg3 b6 26. Rd1 Qxh3 27. Rd8 Bb7
28. Bxf7+ Rxf7 29. Rxf8+ Kh7 30. Qd3+ Nxd3 0-1

[Event "24th ch-EUR Indiv 2024"]
[Site "Petrovac MNE"]
[Date "2024.11.11"]
[Round "4.132"]
[White "Szwed, Jacek"]
[Black "Guleryuz, Kuzey"]
[Result "1/2-1/2"]
[WhiteTitle "FM"]
[WhiteElo "2341"]
[BlackElo "2158"]
[WhiteFideId "1126431"]
[BlackFideId "44500203"]
[EventDate "2024.11.08"]

1. e4 e6 2. d4 d5 3. Nd2 c5 4. exd5 exd5 5. Bb5+ Nc6 6. Ngf3 Bd6 7. dxc5 Bxc5 8.
O-O Ne7 9. Nb3 Bd6 10. h3 O-O 11. Nbd4 Nxd4 12. Qxd4 Bf5 13. Bd3 Nc6 14. Qa4
Bxd3 15. cxd3 Re8 16. Bd2 Bc7 17. Rae1 Qd6 18. Qg4 Rad8 19. Bc3 f6 20. Qh5 Qd7
21. b3 Qf7 22. Qf5 Ne7 23. Qg4 h5 24. Qa4 a6 25. Nd4 Ng6 26. Bd2 Bb8 27. Nf3 Ne7
28. Nd4 Ng6 29. Nf3 Ne7 30. Nd4 Ng6 1/2-1/2

[Event "24th ch-EUR Indiv 2024"]
[Site "Petrovac MNE"]
[Date "2024.11.11"]
[Round "4.133"]
[White "Marie, Maxime"]
[Black "Gombocz, Ferenc Jr."]
[Result "1/2-1/2"]
[WhiteTitle "CM"]
[BlackTitle "FM"]
[WhiteElo "2154"]
[BlackElo "2333"]
[WhiteFideId "625590"]
[BlackFideId "775029"]
[EventDate "2024.11.08"]

1. c4 c5 2. Nc3 Nc6 3. Nf3 e5 4. e3 Nf6 5. d4 e4 6. d5 exf3 7. dxc6 bxc6 8. e4
Qc7 9. Qxf3 Bd6 10. g4 O-O 11. h4 Be5 12. g5 Ne8 13. Bd2 Nd6 14. Bd3 Ba6 15. b3
f6 16. Qg4 Rae8 17. O-O-O Re7 18. f4 Bxc3 19. Bxc3 Nxe4 20. Bxe4 Rxe4 21. gxf6
d5 22. cxd5 Be2 23. Qxg7+ Qxg7 24. fxg7 Rc8 25. d6 Bxd1 26. d7 Rd8 27. Rxd1 Re7
28. Bf6 Rdxd7 29. Bxe7 Rxe7 30. Rd6 Re4 31. h5 Kxg7 32. h6+ Kf7 33. f5 c4 34. b4
c3 35. Rxc6 Rxb4 36. Rc7+ Kf6 37. Rxh7 Ra4 38. Rc7 Rxa2 39. Rxc3 Rh2 40. Rc6+ 1/2-1/2

[Event "24th ch-EUR Indiv 2024"]
[Site "Petrovac MNE"]
[Date "2024.11.11"]
[Round "4.134"]
[White "Yordanov, Lachezar"]
[Black "Doraszelski, Alexander"]
[Result "1/2-1/2"]
[WhiteTitle "FM"]
[WhiteElo "2332"]
[BlackElo "2156"]
[WhiteFideId "2918927"]
[BlackFideId "12996149"]
[EventDate "2024.11.08"]

1. d4 d5 2. Nf3 e6 3. c4 a6 4. Bg5 Be7 5. Bxe7 Qxe7 6. Nbd2 Nf6 7. g3 b6 8. cxd5
exd5 9. Bg2 Bb7 10. Rc1 c5 11. Qb3 Nbd7 12. dxc5 Nxc5 13. Qa3 O-O 14. Nd4 Nfe4
15. N2f3 Rac8 16. O-O Rfe8 17. Bh3 Rc7 18. Qe3 Qd8 19. Qf4 h6 20. Rc2 Nd6 21.
Qc1 a5 22. Rd1 Ba6 23. Bg2 Nde4 24. Qf4 g5 25. Qg4 Bc8 26. Nf5 Qf6 27. Rxd5 Be6
28. Re5 Rd7 29. Bh3 Rd1+ 30. Kg2 Nd6 31. e4 Rd3 32. Qh5 Rxf3 33. Rxe6 Rxe6 34.
Qxf3 Ndxe4 35. Re2 Re5 36. Ne3 Qxf3+ 37. Kxf3 Nd6 38. Rd2 Nce4 39. Rd5 Rxd5 40.
Nxd5 b5 41. Ke3 Kg7 42. f3 Nc5 43. Kd4 Ncb7 44. Bf1 h5 45. Nc7 b4 46. Ke5 f6+
47. Ke6 g4 48. Be2 f5 49. Nd5 h4 50. gxh4 gxf3 51. Bxf3 Nb5 52. Ke5 N7d6 53. Be2
Nf7+ 54. Kf4 Nd4 55. Bd3 Nh6 56. Ke3 Ne6 57. h3 Kf8 58. Bc4 Kg7 59. Ne7 Nc5 60.
Nc6 Na4 61. Nxa5 Nxb2 62. Bb3 Nf7 63. Nc6 Nd6 64. Kd4 Nb5+ 65. Kc5 Nc3 66. Kxb4
Nxa2+ 67. Bxa2 Nd3+ 68. Kc3 Nf2 69. Kd2 Nxh3 70. Ke3 Kg6 71. Kf3 Ng5+ 72. hxg5
Kxg5 73. Bb3 f4 74. Nd4 Kf6 75. Kxf4 Kg6 76. Ke5 Kg7 77. Kf5 Kh8 78. Kf6 Kh7 79.
Nf3 Kh8 80. Ne5 Kh7 81. Bc4 Kh8 82. Ng6+ Kh7 83. Bd5 Kh6 84. Bg8 Kh5 85. Ne5 Kh4
86. Kf5 Kg3 87. Bc4 Kf2 88. Kf4 Ke1 89. Ke3 Kd1 90. Bd3 Kc1 91. Nc4 Kd1 92. Kd4
Kc1 93. Kc3 Kd1 94. Nd2 Kc1 95. Nb3+ Kd1 96. Bg6 Ke2 97. Kd4 Kf3 98. Nc5 Kf4 99.
Be4 Kg5 100. Ke5 Kg4 101. Ne6 Kg3 102. Kd4 Kg4 103. Ke3 Kh5 104. Kf4 Kh6 105.
Bd3 Kh5 106. Ng7+ Kh6 107. Ne8 Kh5 108. Nc7 Kh6 109. Nd5 Kg7 110. Kg5 Kf7 111.
Bf5 Kg7 112. Bg6 Kh8 113. Kf6 Kg8 114. Ne7+ Kh8 115. Bf7 Kh7 116. Ng6 Kh6 117.
Bg8 Kh5 118. Ne5 Kh4 119. Kf5 Kg3 120. Bf7 Kf2 121. Ke4 Ke2 122. Nf3 Kd1 123.
Kd3 Kc1 124. Nd2 Kb2 125. Nb3 Ka3 126. Kc3 Ka2 127. Nd2+ 1/2-1/2

[Event "24th ch-EUR Indiv 2024"]
[Site "Petrovac MNE"]
[Date "2024.11.11"]
[Round "4.135"]
[White "Goroshchenko, Dmitry"]
[Black "Vagman, Roy"]
[Result "1-0"]
[BlackTitle "FM"]
[WhiteElo "2141"]
[BlackElo "2322"]
[WhiteFideId "14115336"]
[BlackFideId "2828995"]
[EventDate "2024.11.08"]

1. e4 c6 2. d4 d5 3. exd5 cxd5 4. c4 Nf6 5. Nc3 Nc6 6. Bg5 Be6 7. Nf3 g6 8. Be2
Bg7 9. O-O O-O 10. h3 dxc4 11. Bxf6 Bxf6 12. d5 Bxc3 13. dxe6 Bxb2 14. exf7+ Kh8
15. Bxc4 Ne5 16. Nxe5 Bxe5 17. Qe1 Qc7 18. Rc1 Bf6 19. Qe4 Rac8 20. Qe3 Qa5 21.
Be6 Rcd8 22. Rfd1 Kg7 23. Kh1 Qa4 24. Bb3 Qa5 25. Qe6 Rd2 26. Qe3 Rdd8 27. f4
Qa3 28. Qe4 b6 29. Qc6 Qb2 30. Qc7 Rxd1+ 31. Rxd1 a5 32. Qd7 Qe2 33. Qe8 e5 34.
Rc1 Qd2 35. Rc6 Qd8 36. fxe5 Rxe8 37. exf6+ Kh6 38. fxe8=Q Qxe8 39. Rc1 Qd8 40.
Rf1 b5 41. f7 Qf8 42. Re1 Qc5 43. Rf1 Qf8 44. Be6 Kg7 45. Bd7 b4 46. h4 Kh6 47.
g3 Kg7 48. Kh2 h5 49. Ba4 Kh7 50. Bb3 Kg7 51. Bc2 Kh7 52. Bb3 Kg7 53. Bd5 a4 54.
Rf3 Kh7 55. Rf2 Kg7 56. Bc4 Kh7 57. Bb5 a3 58. Bc4 Kg7 59. Be6 Kh7 60. Kh3 Kg7
61. Rf4 Kh7 62. Kg2 Kg7 63. Kf1 Kh7 64. Bd5 Kg7 65. Be6 Kh7 66. g4 hxg4 67. Bb3
Kh6 68. Bd1 Kg7 69. Rf2 Kh6 70. Rf4 Kh7 71. Kg2 Kh6 72. Kg3 Kg7 73. Bc2 Kh6 74.
Bb3 Kh5 75. Be6 b3 76. Bxb3 Qc5 77. Kg2 Qf8 78. Bd1 Kxh4 79. Rxg4+ Kh5 80. Kg3
Kh6 81. Rf4 Kg7 82. Bb3 g5 83. Rf3 Kg6 84. Bd5 Kh5 85. Rf6 Qb8+ 86. Kg2 Qf8 87.
Bf3+ Kh4 88. Rf5 g4 89. Rf4 Kg5 90. Rxg4+ Kf5 91. Kg3 Qd6+ 92. Kh3 Qf8 93. Be4+
Ke5 94. Bg6 Qh6+ 95. Kg2 Qd2+ 96. Kg3 Qe1+ 97. Kh2 Qf2+ 98. Kh3 Qf3+ 99. Kh4
Qf2+ 100. Kh5 Qf3 101. Kh6 Qh3+ 102. Kg7 Qxg4 103. f8=Q Qd7+ 104. Qf7 Qh3 105.
Qc7+ Kd4 106. Qb6+ Ke5 107. Qc5+ Ke6 108. Qc8+ 1-0

[Event "24th ch-EUR Indiv 2024"]
[Site "Petrovac MNE"]
[Date "2024.11.11"]
[Round "4.136"]
[White "Hovakimyan, Vache"]
[Black "Ergazakis, Ioannis"]
[Result "1-0"]
[WhiteTitle "FM"]
[BlackTitle "FM"]
[WhiteElo "2319"]
[BlackElo "2150"]
[WhiteFideId "13317288"]
[BlackFideId "4290976"]
[EventDate "2024.11.08"]

1. c4 e6 2. Nc3 d5 3. d4 Nf6 4. cxd5 exd5 5. Bg5 Be7 6. e3 h6 7. Bh4 O-O 8. Bd3
Re8 9. Nge2 c6 10. O-O Nbd7 11. a4 Nh5 12. Bxe7 Qxe7 13. a5 g6 14. Qc2 Ndf6 15.
Na4 a6 16. Qc5 Qc7 17. Qb6 Qb8 18. Nc5 Ng4 19. Ng3 Nxg3 20. hxg3 h5 21. Be2 Qd6
22. Rac1 Qe7 23. Rc3 Kg7 24. Re1 Rh8 25. Bxg4 hxg4 26. e4 dxe4 27. Rxe4 Qd8 28.
Rce3 Bf5 29. Re7 Qd5 30. Nxb7 Rh5 31. Qc5 Rah8 32. Kf1 Qa2 33. Qe5+ Kh7 34.
Rxf7+ Qxf7 35. Nd6 Qd7 36. Qf6 Rg8 37. Re7+ Qxe7 38. Qxe7+ Rg7 39. Qf8 Rg8 40.
Qf6 Bd3+ 41. Ke1 Bb1 42. Nf7 Rf5 43. Qh4+ Kg7 44. Ne5 Re8 45. Qxg4 Re6 46. f4
Rd6 47. Qe2 Rxd4 48. Qxa6 Re4+ 49. Kd2 Rf8 50. Qb7+ Kg8 51. Qe7 Rd4+ 52. Kc3 c5
53. Ng4 1-0

[Event "24th ch-EUR Indiv 2024"]
[Site "Petrovac MNE"]
[Date "2024.11.12"]
[Round "5.1"]
[White "Chigaev, Maksim"]
[Black "Svane, Frederik"]
[Result "1/2-1/2"]
[WhiteTitle "GM"]
[BlackTitle "GM"]
[WhiteElo "2605"]
[BlackElo "2654"]
[WhiteFideId "4108116"]
[BlackFideId "12923044"]
[EventDate "2024.11.08"]

1. Nf3 Nf6 2. c4 e6 3. Nc3 d5 4. e3 Bd6 5. b3 O-O 6. Bb2 Nbd7 7. Qc2 c6 8. h3
Re8 9. Be2 h6 10. O-O b6 11. d4 Bb7 12. e4 Nxe4 13. Nxe4 dxe4 1/2-1/2

[Event "24th ch-EUR Indiv 2024"]
[Site "Petrovac MNE"]
[Date "2024.11.12"]
[Round "5.3"]
[White "Deac, Bogdan-Daniel"]
[Black "Erdogmus, Yagiz Kaan"]
[Result "1/2-1/2"]
[WhiteTitle "GM"]
[BlackTitle "GM"]
[WhiteElo "2687"]
[BlackElo "2604"]
[WhiteFideId "1226380"]
[BlackFideId "44599790"]
[EventDate "2024.11.08"]

1. e4 e5 2. Nf3 Nc6 3. Bc4 Nf6 4. d3 d5 5. exd5 Nxd5 6. O-O Bc5 7. Re1 O-O 8.
Nbd2 Nf6 9. c3 a6 10. b4 Ba7 11. Ne4 Nxe4 12. dxe4 Qf6 13. Bg5 Qg6 14. Be3 Bh3
15. Bf1 Rfd8 16. Qe2 Bg4 17. Bxa7 Nxa7 18. Qe3 Qf6 19. Nd2 Nc6 20. g3 b6 21. Nc4
Rd7 22. Be2 Be6 23. a3 Rad8 24. Nb2 a5 25. Red1 Rxd1+ 26. Rxd1 axb4 27. axb4
Rxd1+ 28. Nxd1 Qd8 1/2-1/2

[Event "24th ch-EUR Indiv 2024"]
[Site "Petrovac MNE"]
[Date "2024.11.12"]
[Round "5.4"]
[White "Mamedov, Rauf"]
[Black "Dardha, Daniel"]
[Result "1/2-1/2"]
[WhiteTitle "GM"]
[BlackTitle "GM"]
[WhiteElo "2651"]
[BlackElo "2606"]
[WhiteFideId "13401653"]
[BlackFideId "240990"]
[EventDate "2024.11.08"]

1. Nf3 d5 2. g3 g6 3. Bg2 Bg7 4. d4 Nf6 5. O-O O-O 6. c4 dxc4 7. Na3 c5 8. dxc5
c3 9. Nb5 Na6 10. Nxc3 Nxc5 11. Be3 Nfe4 12. Nxe4 Nxe4 13. Bd4 Bf5 14. Rc1 Qa5
15. Bxg7 Kxg7 16. Qd4+ Nf6 17. Qe5 Qxe5 18. Nxe5 Rad8 19. Rc7 Rd2 20. Rxb7 Rxe2
21. Nc6 Rc8 22. Nxe7 Rcc2 23. Nxf5+ gxf5 24. Rxa7 Rxb2 25. Ra5 Kg6 26. a4 Ra2
27. Bf3 Red2 28. Ra6 Kg7 29. Ra5 Kg6 30. h4 h5 31. Ra6 Kg7 32. Ra5 Kg6 33. Ra6
Kg7 34. Ra5 1/2-1/2

[Event "24th ch-EUR Indiv 2024"]
[Site "Petrovac MNE"]
[Date "2024.11.12"]
[Round "5.5"]
[White "Romanov, Evgeny"]
[Black "Gurel, Ediz"]
[Result "1/2-1/2"]
[WhiteTitle "GM"]
[BlackTitle "GM"]
[WhiteElo "2584"]
[BlackElo "2635"]
[WhiteFideId "4148843"]
[BlackFideId "44507356"]
[EventDate "2024.11.08"]

1. c4 e5 2. Nc3 Nf6 3. Nf3 Nc6 4. e4 Bb4 5. d3 d6 6. a3 Bc5 7. b4 Bb6 8. Be3 Bg4
9. Be2 Bxf3 10. Bxf3 Nd4 11. Na4 Nxf3+ 12. Qxf3 Bxe3 13. Qxe3 1/2-1/2

[Event "24th ch-EUR Indiv 2024"]
[Site "Petrovac MNE"]
[Date "2024.11.12"]
[Round "5.6"]
[White "Cheparinov, Ivan"]
[Black "Petrov, Nikita"]
[Result "1-0"]
[WhiteTitle "GM"]
[BlackTitle "GM"]
[WhiteElo "2632"]
[BlackElo "2590"]
[WhiteFideId "2905540"]
[BlackFideId "4101286"]
[EventDate "2024.11.08"]

1. d4 Nf6 2. c4 e6 3. Nf3 d5 4. g3 Bb4+ 5. Bd2 Be7 6. Bg2 O-O 7. O-O Nbd7 8. Qc2
c6 9. Bf4 a5 10. Rd1 a4 11. a3 Ne4 12. Nc3 Nxc3 13. Qxc3 Nb6 14. Nd2 g5 15. Be3
f5 16. c5 Nd7 17. Nf3 Bf6 18. Rab1 Qe7 19. Ne5 Qg7 20. f4 Nxe5 21. dxe5 Be7 22.
fxg5 Bxg5 23. Bxg5 Qxg5 24. Rd4 Bd7 25. Rb4 Ra7 26. Rf1 Be8 27. Rff4 Bg6 28.
Rxa4 Rxa4 29. Rxa4 f4 30. Qd2 Qe7 31. Rxf4 Qxc5+ 32. e3 Rf5 33. b4 Qa7 34. Qc3
Qa4 35. Bf3 Rxf4 36. gxf4 Be4 37. Bg4 Kf7 38. Kf1 b6 39. Ke1 Ke7 40. Be2 Kd7 41.
Kd2 Kc7 42. Bd3 Bg6 43. h4 Qa8 44. Bxg6 hxg6 45. Qd3 Qh8 46. Qxg6 Qxh4 47. Ke2
Qh2+ 48. Kf3 Qh3+ 49. Kf2 Qh2+ 50. Qg2 Qh4+ 51. Qg3 Qh7 52. Qg4 Qh2+ 53. Qg2
Qh4+ 54. Ke2 Qh5+ 55. Kd2 Qh4 56. f5 exf5 57. Qg7+ Kb8 58. Qf8+ Kb7 59. Qxf5
Qh2+ 60. Ke1 Qg1+ 61. Ke2 Qg2+ 62. Qf2 Qe4 63. Qf7+ Ka6 64. Qf4 Qg2+ 65. Ke1 Qg6
66. a4 Kb7 67. Kf2 c5 68. b5 c4 69. Qf6 Qc2+ 70. Kg3 Qe4 71. Qc6+ Ka7 72. Qc7+
Ka8 73. Qc8+ Ka7 74. Qa6+ Kb8 75. Qxb6+ Kc8 76. Qc6+ Kd8 77. Qd6+ Ke8 78. b6
Qxe3+ 79. Kg4 Qg1+ 80. Kf5 Qf2+ 81. Kg5 Qg3+ 82. Kh6 Qf4+ 83. Kg6 c3 84. Qc6+
Ke7 85. Qd6+ Ke8 86. Qe6+ Kd8 87. Qxd5+ Ke8 88. Qc6+ Ke7 89. Qf6+ Qxf6+ 90.
exf6+ Kd7 91. b7 c2 92. b8=Q c1=Q 93. Qe5 Qg1+ 94. Qg5 Qd4 95. a5 Kc7 96. f7
Qd6+ 97. Kg7 Qd4+ 98. Kg8 Qc4 99. a6 Kb6 100. Qf6+ Ka7 101. Kh8 Qd5 102. Qe7+
Kxa6 103. f8=Q Qh5+ 104. Kg8 Qg4+ 105. Qfg7 Qc4+ 106. Kh7 1-0

[Event "24th ch-EUR Indiv 2024"]
[Site "Petrovac MNE"]
[Date "2024.11.12"]
[Round "5.7"]
[White "Svane, Rasmus"]
[Black "Maurizzi, Marc'Andria"]
[Result "1/2-1/2"]
[WhiteTitle "GM"]
[BlackTitle "GM"]
[WhiteElo "2628"]
[BlackElo "2585"]
[WhiteFideId "4657101"]
[BlackFideId "36083534"]
[EventDate "2024.11.08"]

1. d4 d5 2. c4 e6 3. Nf3 Nf6 4. g3 dxc4 5. Bg2 Bd7 6. Ne5 Bc6 7. Nxc6 Nxc6 8.
O-O Qd7 9. e3 Rd8 10. Qc2 e5 11. Qxc4 1/2-1/2

[Event "24th ch-EUR Indiv 2024"]
[Site "Petrovac MNE"]
[Date "2024.11.12"]
[Round "5.8"]
[White "Hakobyan, Aram"]
[Black "Sokolovsky, Yahli"]
[Result "1/2-1/2"]
[WhiteTitle "GM"]
[BlackTitle "GM"]
[WhiteElo "2623"]
[BlackElo "2516"]
[WhiteFideId "13306677"]
[BlackFideId "2820242"]
[EventDate "2024.11.08"]

1. e4 e5 2. Nf3 Nc6 3. Bb5 a6 4. Ba4 Nf6 5. O-O Be7 6. d3 b5 7. Bb3 d6 8. Bd2
O-O 9. h3 a5 10. a4 b4 11. Be3 d5 12. Nbd2 d4 13. Bg5 Nd7 14. Bd5 Ra6 15. Bxc6
Rxc6 16. Bxe7 Qxe7 17. Nc4 Rc5 18. Ncd2 Rc6 19. Nc4 Rc5 1/2-1/2

[Event "24th ch-EUR Indiv 2024"]
[Site "Petrovac MNE"]
[Date "2024.11.12"]
[Round "5.9"]
[White "Blohberger, Felix"]
[Black "Indjic, Aleksandar"]
[Result "0-1"]
[WhiteTitle "GM"]
[BlackTitle "GM"]
[WhiteElo "2536"]
[BlackElo "2623"]
[WhiteFideId "1632051"]
[BlackFideId "911925"]
[EventDate "2024.11.08"]

1. Nf3 Nf6 2. c4 b6 3. g3 c5 4. Bg2 Bb7 5. O-O g6 6. Nc3 Bg7 7. Re1 d6 8. e4 e5
9. d3 O-O 10. a3 Nc6 11. Rb1 a5 12. Bd2 Bc8 13. Nb5 Be6 14. h3 Qd7 15. Ng5 h6
16. Nxe6 fxe6 17. b4 axb4 18. axb4 h5 19. Qb3 Kh7 20. Red1 Bh6 21. Be1 h4 22.
Ra1 Kg7 23. Kh2 hxg3+ 24. fxg3 Be3 25. bxc5 Ng4+ 26. hxg4 Rh8+ 27. Bh3 Qf7 28.
Rxa8 Qf1 29. Rxh8 Qg1# 0-1

[Event "24th ch-EUR Indiv 2024"]
[Site "Petrovac MNE"]
[Date "2024.11.12"]
[Round "5.10"]
[White "Hovhannisyan, Robert"]
[Black "Samunenkov, Ihor"]
[Result "1/2-1/2"]
[WhiteTitle "GM"]
[BlackTitle "GM"]
[WhiteElo "2613"]
[BlackElo "2523"]
[WhiteFideId "13302507"]
[BlackFideId "14187086"]
[EventDate "2024.11.08"]

1. e4 c5 2. Nf3 Nc6 3. d4 cxd4 4. Nxd4 Nf6 5. Nc3 e5 6. Ndb5 d6 7. Bg5 a6 8. Na3
b5 9. Nd5 Be7 10. Bxf6 Bxf6 11. c3 Rb8 12. Nc2 Bg5 13. g3 O-O 14. h4 Bh6 15. Bh3
Be6 16. Qd3 Qd7 17. Bxe6 fxe6 18. Nde3 Bxe3 19. Nxe3 Rbd8 20. Rd1 d5 21. exd5
Qf7 22. O-O exd5 23. Nxd5 Nd4 24. cxd4 Qxd5 25. Qa3 exd4 26. Qxa6 d3 27. Rd2 Ra8
28. Qb6 Rae8 29. Rfd1 Rf3 30. b3 h6 31. a4 bxa4 32. bxa4 Ra8 33. Qb4 Kh8 34. Re1
Rff8 35. Qa3 Qa5 36. Red1 Qxa4 37. Qxd3 Rae8 38. Qc3 Rc8 39. Qb2 Rb8 40. Qe5
Rbe8 41. Qc5 Rc8 42. Qh5 Rc2 43. Qe2 Rxd2 44. Qxd2 Qe4 45. Re1 Qf3 46. Re3 Qf6
47. Qe2 Qc6 48. Re6 Qf3 49. Qb2 Qd1+ 50. Kh2 Qf3 51. Re2 Kg8 52. Kg1 Qf6 53. Qd2
Qa1+ 54. Kg2 Qa8+ 55. Kh2 Qf3 56. Kg1 Ra8 57. Re1 Rf8 58. Re3 Qf6 59. Qe2 Qa1+
60. Kg2 Qa8+ 61. Kh2 Qa7 62. h5 Qf7 63. Kg1 Qd5 64. Rd3 Qf7 65. g4 Qc4 66. Kg2
Kh7 67. Qd1 Qe4+ 68. f3 Qe5 69. Rd5 Qb2+ 70. Kg3 Qb8+ 71. Kh3 Qf4 72. Rd3 Kh8
73. Qe2 Qc1 74. Rd1 Qc3 75. Kg2 Rb8 76. Kg3 Qc7+ 77. Kh3 Rd8 78. Re1 Qf4 79. Qe4
Rf8 80. Re3 Kg8 81. Rc3 Qf6 82. Qc2 Qf4 83. Kg2 Rd8 84. Rc8 Qd4 85. Qa2+ Kh8 86.
Ra8 Qd6 87. Rxd8+ Qxd8 88. Qc4 Qd2+ 89. Kg3 Qd6+ 90. Qf4 Qb6 91. Qe5 Kg8 92. Kf4
Qb4+ 93. Kf5 Qf8+ 94. Ke4 Qb4+ 95. Qd4 Qe7+ 96. Kd3 Qa3+ 97. Qc3 Qd6+ 98. Kc2
Kh8 99. Qc8+ Kh7 100. Qb7 Qc5+ 101. Kd3 Qd6+ 102. Kc4 Qe6+ 103. Qd5 Qa6+ 104.
Kb4 Kh8 105. Qd8+ Kh7 106. Qc7 Kh8 107. Qd8+ Kh7 108. Qd5 Kh8 109. Qe4 Qb6+ 110.
Kc4 Qc7+ 111. Kb5 Qb8+ 112. Ka6 Qd6+ 113. Ka7 Qc7+ 114. Qb7 Qa5+ 115. Kb8 Qe5+
116. Kc8 Qe8+ 117. Kc7 Qe7+ 118. Kb6 Qe3+ 119. Kc7 Qe7+ 120. Kb8 Qe5+ 121. Ka7
Qa5+ 122. Qa6 Qc7+ 123. Ka8 Qd8+ 124. Kb7 Qe7+ 125. Kb8 Qe5+ 126. Kb7 Qe7+ 127.
Kb8 Qe5+ 128. Kb7 1/2-1/2

[Event "24th ch-EUR Indiv 2024"]
[Site "Petrovac MNE"]
[Date "2024.11.12"]
[Round "5.11"]
[White "Yilmaz, Mustafa"]
[Black "Van Foreest, Jorden"]
[Result "1-0"]
[WhiteTitle "GM"]
[BlackTitle "GM"]
[WhiteElo "2568"]
[BlackElo "2687"]
[WhiteFideId "6302718"]
[BlackFideId "1039784"]
[EventDate "2024.11.08"]

1. d4 Nf6 2. c4 e6 3. Nf3 d5 4. Nc3 c6 5. Bg5 h6 6. Bh4 dxc4 7. e4 g5 8. Bg3 b5
9. Be2 Bb7 10. O-O Nbd7 11. Ne5 h5 12. Nxd7 Qxd7 13. Qc1 Rg8 14. Rd1 Rg6 15. Qe3
Be7 16. h3 Rd8 17. e5 Nd5 18. Nxd5 Qxd5 19. Bf3 Qd7 20. Bxh5 Rh6 21. Bf3 Kf8 22.
b3 cxb3 23. axb3 a6 24. Rac1 Kg7 25. Be4 c5 26. Bxb7 Qxb7 27. dxc5 Rxd1+ 28.
Rxd1 a5 29. Rd6 Qc8 30. c6 g4 31. Qb6 gxh3 32. Qb7 Qf8 33. c7 Rh8 34. Rd8 Bxd8
35. c8=Q Qa3 36. gxh3 Qxb3 37. Qcd7 Qb1+ 38. Kh2 Qf5 39. Qg2 Bg5 40. Qxb5 1-0

[Event "24th ch-EUR Indiv 2024"]
[Site "Petrovac MNE"]
[Date "2024.11.12"]
[Round "5.12"]
[White "Saric, Ivan"]
[Black "Dragnev, Valentin"]
[Result "0-1"]
[WhiteTitle "GM"]
[BlackTitle "GM"]
[WhiteElo "2668"]
[BlackElo "2566"]
[WhiteFideId "14508150"]
[BlackFideId "1634852"]
[EventDate "2024.11.08"]

1. e4 e5 2. Nf3 Nc6 3. Bc4 Bc5 4. d3 d6 5. c3 Nf6 6. Bg5 h6 7. Bh4 a6 8. Nbd2
Ba7 9. a4 Qe7 10. b4 g5 11. Bg3 Nh5 12. b5 Na5 13. Bd5 c6 14. Ba2 Qf6 15. O-O
Nxg3 16. hxg3 h5 17. Qb1 h4 18. b6 h3 19. Ne1 Qh6 20. f3 g4 21. f4 hxg2 22. Nxg2
Qh2+ 23. Kf2 Rh3 24. bxa7 Rxg3 25. Rg1 exf4 26. Qb6 f3 27. Rae1 Rxg2+ 28. Rxg2
Qxg2+ 29. Ke3 g3 30. Bxf7+ Ke7 31. Qc7+ Bd7 32. e5 Qf2+ 33. Kf4 Qxd2+ 34. Re3
Nc4 35. dxc4 f2 36. exd6+ Kf6 37. Qxd7 f1=Q+ 38. Ke4 Qc2+ 0-1

[Event "24th ch-EUR Indiv 2024"]
[Site "Petrovac MNE"]
[Date "2024.11.12"]
[Round "5.13"]
[White "Can, Emre"]
[Black "Vitiugov, Nikita"]
[Result "1/2-1/2"]
[WhiteTitle "GM"]
[BlackTitle "GM"]
[WhiteElo "2559"]
[BlackElo "2668"]
[WhiteFideId "6302181"]
[BlackFideId "4152956"]
[EventDate "2024.11.08"]

1. e4 e5 2. Nf3 Nc6 3. Bb5 a6 4. Ba4 Nf6 5. O-O d6 6. c3 Bd7 7. d4 g6 8. Bc2 Bg7
9. h3 O-O 10. Be3 Nh5 11. Nbd2 Kh8 12. Re1 Qe8 13. a4 b6 14. Nc4 Rc8 15. dxe5
dxe5 16. a5 Be6 17. Bb3 Rd8 18. Qc2 b5 19. Ncd2 Nf4 20. Bxe6 Nxe6 21. Nb3 f6 22.
Red1 Rf7 23. Rxd8 Ncxd8 24. c4 Qc6 25. Rc1 Bf8 26. Ne1 Rd7 27. cxb5 Qxb5 28. Qc4
Qxc4 29. Rxc4 Rd6 30. Kf1 Rc6 31. Rxc6 Nxc6 32. Nd3 Kg8 33. Ke2 Kf7 34. Kd2 Ned8
35. Bc5 Bd6 36. Kc3 Ke6 37. Nb4 Nxb4 38. Kxb4 Nc6+ 39. Kc4 h5 40. g4 hxg4 41.
hxg4 Kd7 42. Kd5 Ne7+ 43. Kc4 Nc6 44. Kd5 1/2-1/2

[Event "24th ch-EUR Indiv 2024"]
[Site "Petrovac MNE"]
[Date "2024.11.12"]
[Round "5.14"]
[White "Asadli, Vugar"]
[Black "Sargsyan, Shant"]
[Result "0-1"]
[WhiteTitle "GM"]
[BlackTitle "GM"]
[WhiteElo "2554"]
[BlackElo "2655"]
[WhiteFideId "13405764"]
[BlackFideId "13306766"]
[EventDate "2024.11.08"]

1. e4 e6 2. d4 d5 3. e5 c5 4. c3 Nc6 5. Nf3 Bd7 6. Be2 Nge7 7. O-O cxd4 8. cxd4
Nf5 9. Nc3 a6 10. Kh1 Rc8 11. h3 h6 12. a3 Be7 13. g4 Nh4 14. Nxh4 Bxh4 15. f4
Qb6 16. Be3 Na5 17. Rb1 Nc4 18. Bxc4 Rxc4 19. Qe2 Be7 20. f5 Bg5 21. Bg1 h5 22.
Ne4 dxe4 23. Qxc4 hxg4 24. d5 Rxh3+ 25. Kg2 exd5 26. Qe2 Qh6 27. Qxg4 Rh4 28.
Qg3 Qh5 0-1

[Event "24th ch-EUR Indiv 2024"]
[Site "Petrovac MNE"]
[Date "2024.11.12"]
[Round "5.15"]
[White "Bjerre, Jonas Buhl"]
[Black "Livaic, Leon"]
[Result "0-1"]
[WhiteTitle "GM"]
[BlackTitle "GM"]
[WhiteElo "2654"]
[BlackElo "2557"]
[WhiteFideId "1444948"]
[BlackFideId "14531534"]
[EventDate "2024.11.08"]

1. e4 d6 2. d4 Nf6 3. Nc3 e5 4. Nf3 Nbd7 5. Be2 Be7 6. O-O O-O 7. a4 c6 8. a5
exd4 9. Nxd4 Nc5 10. f3 d5 11. e5 Ne8 12. Be3 f6 13. exf6 Nxf6 14. a6 Qc7 15.
axb7 Nxb7 16. Kh1 Bd6 17. Bg1 Bd7 18. Re1 a5 19. g3 Nc5 20. Bf1 a4 21. Qd2 Qb7
22. Nd1 Rfe8 23. Ne3 Bf8 24. Rab1 Ne6 25. Ng2 c5 26. Nf5 Kh8 27. Ngh4 Bc6 28. c3
d4 29. Bg2 g5 30. cxd4 gxh4 31. Nxh4 Nxd4 32. Qg5 Qg7 33. Qf4 Nd5 34. Qd2 Be7
35. Bxd4 Qxd4 36. Qh6 Qf6 37. Qh5 Nf4 38. Qg4 Rg8 39. Qf5 Nxg2 0-1

[Event "24th ch-EUR Indiv 2024"]
[Site "Petrovac MNE"]
[Date "2024.11.12"]
[Round "5.16"]
[White "Bluebaum, Matthias"]
[Black "Parligras, Mircea-Emilian"]
[Result "1/2-1/2"]
[WhiteTitle "GM"]
[BlackTitle "GM"]
[WhiteElo "2654"]
[BlackElo "2550"]
[WhiteFideId "24651516"]
[BlackFideId "1204297"]
[EventDate "2024.11.08"]

1. Nf3 d5 2. g3 Bg4 3. Bg2 e6 4. h3 Bh5 5. c4 c6 6. d4 Nf6 7. Nc3 Nbd7 8. cxd5
cxd5 9. Qb3 Qb6 10. O-O Bd6 11. e4 Bxf3 12. Bxf3 dxe4 13. Nxe4 Nxe4 14. Bxe4 Rb8
15. Qa4 Qa6 16. Qxa6 bxa6 17. b3 Nf6 18. Bd3 a5 19. Bd2 Bb4 20. Bf4 Rb7 21. Rfc1
O-O 22. Ba6 Rb6 23. Bc4 Ba3 24. Rd1 Nd5 25. Bd2 Nb4 26. Bg5 Re8 27. Rd2 h6 28.
Bf4 Nd5 29. Bxd5 exd5 30. Rc2 a4 31. bxa4 Rb4 32. Be3 Rxa4 33. Rb1 Rc4 34. Rd2 1/2-1/2